Normal view
MARC view
Entry Topical Term
001 - CONTROL NUMBER
- control field: 41676
003 - CONTROL NUMBER IDENTIFIER
- control field: ARRUPE
005 - DATE AND TIME OF LATEST TRANSACTION
- control field: 20180508125045.0
008 - FIXED-LENGTH DATA ELEMENTS
- fixed length control field: 180508|| aca||aabn | a|a d
040 ## - CATALOGING SOURCE
- Original cataloging agency: ARRUPE
- Transcribing agency: ARRUPE
150 ## - HEADING--TOPICAL TERM
- Topical term or geographic name as entry element: International relations
- General subdivision: History
- Chronological subdivision: 20th century.
670 ## - SOURCE DATA FOUND
- Source citation: Work cat.: (ARRUPE)0: Carr, Edward Hallett, 1892-1982, author. 41675, The twenty years' crisis, 1919-1939 /